[Event "DDR-ch 30th"]
[Site "Fuerstenwalde"]
[Date "1981.??.??"]
[Round "5"]
[White "Uhlmann, Wolfgang"]
[Black "Enders, Peter"]
[Result "1-0"]
[WhiteElo "2475"]
[BlackElo "2290"]

1.c4 Nf6 2.Nc3 c5 3.Nf3 e6 4.g3 Be7 5.Bg2 O-O 6.O-O a6 7.d4 cxd4 8.Nxd4 Qc7
9.Qd3 d6 10.b3 Bd7 11.Bb2 Nc6 12.Rac1 Nxd4 13.Qxd4 Rac8 14.Rfd1 Qb8 15.Ne4 Ne8
16.Ba3 Rc6 17.Nxd6 Bxd6 18.c5 Nf6 19.cxd6 Rxc1 20.Rxc1 Rc8 21.e4 Rxc1+ 22.Bxc1 Qc8
23.Bg5 h6 24.Bxf6 Qc1+ 25.Bf1 gxf6 26.a4 e5 27.Qd3 Kg7 28.Kg2 Qc5 29.Be2 Qc1
30.Bf3 Qc8 31.h4 Qc5 32.Qd2 Qa3 33.Bd1 Qc5 34.Kh2 Qc6 35.f3 Qc5 36.b4 Qc4
37.Be2 Qb3 38.a5 Kg6 39.g4 Qa3 40.Kg2 Qb3 41.Bd3 Qe6 42.Bb1 Qc4 43.Ba2 Qc8
44.Kg3 Kg7 45.Qd5 Be8 46.Qc5 Qd7 47.Bb3 Kg6 48.f4 exf4+ 49.Kxf4 Kg7 50.h5 Kg8
51.Kg3 Kg7 52.e5 Qb5 53.Qxb5 Bxb5 54.e6 fxe6 55.Bxe6 Kf8 56.Kf4 Bd3 57.Ke3 Bf1
58.Kd4 Ke8 59.Bd5 Be2 60.Bxb7 Kd7 61.Kc5  1-0

[Event "DDR-ch 30th"]
[Site "Fuerstenwalde"]
[Date "1981.??.??"]
[Round "12"]
[White "Boensch, Uwe"]
[Black "Heinig, Wolfram"]
[Result "1-0"]
[WhiteElo "2455"]
[BlackElo "2365"]

1.c4 Nf6 2.Nf3 c5 3.Nc3 e6 4.g3 d5 5.cxd5 exd5 6.d4 Nc6 7.Bg2 Be7 8.O-O O-O
9.dxc5 Bxc5 10.Bg5 Be6 11.Rc1 Be7 12.Na4 h6 13.Be3 Re8 14.Nc5 Bxc5 15.Bxc5 Qd7
16.Nd4 Bh3 17.Nxc6 bxc6 18.f3 Bxg2 19.Kxg2 Re6 20.Qd3 Qb7 21.b3 a5 22.Rc2 a4
23.Rb1 Nd7 24.Bf2 Ne5 25.Qc3 Nc4 26.Rcc1 axb3 27.axb3 Na3 28.Rb2 Nb5 29.Qb4 Ra3
30.Rd1 Qa8 31.Rdd2 Ra1 32.Bc5 Qe8 33.Bf2 Rc1 34.Qf4 Nc3 35.Rd3 Rb1 36.Rxb1 Nxb1
37.Qc1 Rxe2 38.Qxb1 Qe5 39.Qc1 Rb2 40.Re3 Qd4 41.Qc3  1-0

[Event "Gausdal Int"]
[Site "Gausdal"]
[Date "1981.??.??"]
[Round "2"]
[White "Forintos, Gyozo V"]
[Black "Vinje Gulbrandsen, Arne"]
[Result "1-0"]
[WhiteElo "2465"]
[BlackElo "2345"]

1.c4 Nf6 2.Nc3 c5 3.Nf3 g6 4.d4 cxd4 5.Nxd4 Bg7 6.e4 d6 7.Be2 O-O 8.O-O Nc6
9.Be3 Ne8 10.Qd2 Nxd4 11.Bxd4 Be6 12.Be3 f5 13.exf5 gxf5 14.Rac1 Bd7 15.Rfd1 Kh8
16.c5 Bc6 17.b4 Bd7 18.cxd6 Nxd6 19.Bg5 Rc8 20.Qe3 Bf6 21.Bxf6+ Rxf6 22.Qd4 Be6
23.Qxa7 Ra8 24.Qe3 Bxa2 25.Nxa2 Rxa2 26.Bc4 Ra4 27.Be6 Ra8 28.Re1 Qf8 29.Rc7 f4
30.Qe5 Ra4 31.Bd5 Rxb4 32.Rxe7 Rb5 33.h3 Rc5 34.Re6 Kg7 35.Qg5+ Rg6 36.Re7+ Kh8
37.Qh5 Rh6 38.Qe5+ Rf6 39.Qd4 b6 40.R1e5 Rc8 41.Kh2 Rd8 42.Qc3 Rc8 43.Qa1  1-0

[Event "Gausdal Int"]
[Site "Gausdal"]
[Date "1981.??.??"]
[Round "9"]
[White "Schneider, Lars Ake"]
[Black "Stein, Bernd"]
[Result "1-0"]
[WhiteElo "2410"]
[BlackElo "2300"]

1.Nf3 c5 2.c4 Nf6 3.Nc3 d5 4.cxd5 Nxd5 5.e3 e6 6.Bb5+ Bd7 7.Bxd7+ Qxd7 8.Ne5 Qc7
9.Qa4+ Nd7 10.Nxd5 exd5 11.d4 Bd6 12.Nxd7 Qxd7 13.Qxd7+ Kxd7 14.dxc5 Bxc5
15.Ke2 f5 16.b3 g6 17.Bb2 Rhc8 18.Rac1 a6 19.h3 Bb4 20.Kd3 Be7 21.g4 Rxc1
22.Rxc1 Rc8 23.gxf5 gxf5 24.Rg1 Ke6 25.Rg7 h5 26.Rg6+ Kd7 27.Rb6 Kc7 28.Rh6  1-0

[Event "Buna-Turnier"]
[Site "Halle"]
[Date "1981.??.??"]
[Round "6"]
[White "Uhlmann, Wolfgang"]
[Black "Suetin, Alexey S"]
[Result "1-0"]
[WhiteElo "2510"]
[BlackElo "2445"]

1.c4 c5 2.Nf3 Nf6 3.Nc3 d5 4.cxd5 Nxd5 5.g3 Nc6 6.Bg2 g6 7.Qa4 Bg7 8.O-O O-O
9.Qc4 Nxc3 10.dxc3 b6 11.Ng5 Bb7 12.Ne6 Qd7 13.Nxf8 Rxf8 14.Bf4 e5 15.Rad1 Qc8
16.Be3 Ba6 17.Qa4 Nb8 18.Rd2 Qc7 19.Rfd1 h6 20.f4 Bc8 21.fxe5 g5 22.Rd6 Be6
23.Qe4 Qe7 24.h4 gxh4 25.Qxh4 Qxh4 26.gxh4 Bxe5 27.Rd8 Rxd8 28.Rxd8+ Kg7
29.Rd1 Nd7 30.Bd5 Bg4 31.Bf3 Be6 32.Kf2 Nf6 33.a3 h5 34.b4 cxb4 35.cxb4 Ng4+
36.Bxg4 hxg4 37.Bd4 Kf6 38.Bxe5+ Kxe5 39.Rd8 Bf5 40.Ra8  1-0

[Event "Buna-Turnier"]
[Site "Halle"]
[Date "1981.??.??"]
[Round "6"]
[White "Moehring, Guenther"]
[Black "Boensch, Uwe"]
[Result "0-1"]
[WhiteElo "2405"]
[BlackElo "2425"]

1.Nf3 Nf6 2.c4 e6 3.Nc3 c5 4.g3 Nc6 5.Bg2 a6 6.O-O d6 7.d4 cxd4 8.Nxd4 Bd7
9.b3 Be7 10.Bb2 O-O 11.Rc1 Qa5 12.Qd3 Nxd4 13.Qxd4 Bc6 14.e4 e5 15.Qd2 b5
16.Rfd1 b4 17.Nd5 Bxd5 18.cxd5 Qxa2 19.Rc7 Rfe8 20.Qc2 Qa5 21.Rc6 Qd8 22.Bf1 a5
23.Bb5 Qb8 24.Ba4 Bd8 25.Kg2 Bb6 26.f3 Nd7 27.Rc4 Qa7 28.Bc6 Rad8 29.Ra1 Bc5
30.Qd3 Re7 31.Rc2 Nb8 32.Bb5 Rc8 33.Rac1 Qb6 34.Ba4 Rec7 35.Qb5 Qxb5 36.Bxb5 Kf8
37.Kf1 Ke7 38.Ke2 f6 39.Kd3 Kd8 40.Rc4 Rb7 41.Ba4 Kc7 42.f4 Kb6 43.fxe5 fxe5
44.Rf1 Rcc7 45.Rcc1 Rf7 46.Be8 Rfe7 47.Ba4 Nd7 48.Bc6 Rc7 49.Ba4 Nf6 50.h3 h6
51.Bc6 Rc8 52.Rce1 Nd7 53.Rc1 Nb8 54.Ba4 Rec7 55.Rc4 Na6 56.Bc6 Re7 57.Ba4 Ka7
58.Rf3 Rcc7 59.Bb5 Kb6 60.Bxa6 Kxa6 61.Rc1 Kb5 62.Rf8 Rf7 63.Rb8+ Ka6 64.Rc4 Rf2
65.Bc1 Rf3+ 66.Kc2 Rxg3 67.h4 Rf7 68.Bd2 Rf2  0-1

[Event "DSV-Turnier"]
[Site "Halle"]
[Date "1981.??.??"]
[Round "7"]
[White "Uhlmann, Wolfgang"]
[Black "Vilela, Jose Luis"]
[Result "1-0"]
[WhiteElo "2475"]
[BlackElo "2430"]

1.c4 e6 2.Nc3 c5 3.Nf3 Nf6 4.g3 b6 5.Bg2 Bb7 6.d4 cxd4 7.Qxd4 Be7 8.O-O d6
9.e4 O-O 10.Qe3 a6 11.Nd4 Qc7 12.b3 Nbd7 13.Bb2 Rfe8 14.Rfe1 Bf8 15.h3 Rad8
16.Rad1 Qb8 17.Qc1 g6 18.Qa1 Bg7 19.Nc2 Ba8 20.Re2 Re7 21.Ne3 Ne8 22.Red2 Rc8
23.Ne2 Bxb2 24.Qxb2 b5 25.Rc2 b4 26.Rcd2 Qb6 27.Nf4 Nc5 28.e5 dxe5 29.Qxe5 Bxg2
30.Ng4 f6 31.Nxf6+ Nxf6 32.Qxf6 Rce8 33.Nxg6 hxg6 34.Qxg6+ Kf8 35.Kxg2 Qc6+
36.Kg1 Qe4 37.Qh6+ Rg7 38.Qh8+ Kf7 39.Rd7+ Nxd7 40.Rxd7+ Re7 41.Rxe7+ Kxe7
42.Qxg7+ Ke8 43.Qg8+ Kd7 44.Qf7+ Kc6 45.Qe8+  1-0

[Event "DSV-Turnier"]
[Site "Halle"]
[Date "1981.??.??"]
[Round "8"]
[White "Malich, Burkhard"]
[Black "Alexandria, Nana"]
[Result "1/2-1/2"]
[WhiteElo "2470"]
[BlackElo "2295"]

1.c4 c5 2.Nc3 Nf6 3.Nf3 e6 4.g3 b6 5.Bg2 Bb7 6.O-O Be7 7.d4 cxd4 8.Qxd4 d6
9.b3 Nbd7 10.Bb2 a6 11.Rad1 O-O 12.Qd2 Qc7 13.Nd4 Bxg2 14.Kxg2 Rfe8 15.f3 Bf8
16.e4 Rad8 17.Rfe1 Qb7 18.Qe2 Ne5 19.Nc2 Ned7 20.Ne3 Rb8 21.Ba3 Nc5 22.Bxc5 bxc5
23.Rd3 Rbd8 24.Red1 Nd7 25.f4 Nb8 26.Qf3 Nc6 27.Nc2 Qc7 28.h4 Be7 29.h5 Bf6
30.R1d2 Bd4 31.Ne2 e5 32.f5 Qe7 33.h6 g6 34.Rd1 Qg5 35.Rh1 Ne7 36.Rdd1 gxf5
37.Rh5 Qf6 38.exf5 Kh8 39.g4 d5 40.Ng3 e4 41.Qf1 Be5 42.Qe1 Rg8 43.Ne3 Bxg3
44.Qxg3 d4 45.g5 Nxf5 46.Nxf5 Qxf5 47.Rf1 Qe6 48.Rxf7 Qxf7 49.Qe5+ Rg7 50.hxg7+ Qxg7
51.Qxe4 d3 52.g6 h6 53.Re5 Rg8 54.Re8 d2 55.Rxg8+ Qxg8 56.Qe5+ Qg7 57.Qe8+  1/2-1/2

[Event "DSV-Turnier"]
[Site "Halle"]
[Date "1981.??.??"]
[Round "9"]
[White "Boensch, Uwe"]
[Black "Vogt, Lothar"]
[Result "0-1"]
[WhiteElo "2455"]
[BlackElo "2455"]

1.Nf3 c5 2.c4 Nf6 3.Nc3 e6 4.d4 cxd4 5.Nxd4 d6 6.e4 Be7 7.Be2 O-O 8.O-O a6
9.Be3 Qc7 10.Rc1 b6 11.f4 Bb7 12.Bf3 Re8 13.g4 Bf8 14.g5 Nfd7 15.Bg2 Nc6
16.Nde2 Rac8 17.b3 Qb8 18.Rf3 Ne7 19.Rh3 g6 20.Qe1 Bg7 21.Qh4 Nf8 22.Ng3 b5
23.Nd1 bxc4 24.bxc4 d5 25.Nf2 dxe4 26.Ng4 Nf5 27.Nxf5 exf5 28.Nf6+ Bxf6 29.gxf6 h5
30.c5 Rc6 31.Rb1 Qc7 32.Rg3 Bc8 33.Qxh5 Qd8 34.Rd1 Qxf6 35.Bd4 Qg7 36.Bxg7 gxh5
37.Be5+ Ng6 38.Bd6 Be6 39.a3 Rd8 40.Rg5 Rxc5 41.Bxe4 Rb5 42.Bc2  0-1

[Event "DSV-Turnier"]
[Site "Halle"]
[Date "1981.??.??"]
[Round "11"]
[White "Malich, Burkhard"]
[Black "Tischbierek, Raj"]
[Result "1-0"]
[WhiteElo "2470"]
[BlackElo "2380"]

1.Nf3 c5 2.c4 Nf6 3.Nc3 d5 4.cxd5 Nxd5 5.e3 g6 6.Qb3 Nxc3 7.Qxc3 f6 8.Qxc5 e5
9.Bb5+ Bd7 10.Qd5 Bxb5 11.Qxb5+ Qd7 12.Qxd7+ Nxd7 13.d4 e4 14.Nd2 Bb4 15.O-O Bxd2
16.Bxd2 Nb6 17.f3 Nc4 18.Bc3 Nxe3 19.Rfe1 Nd5 20.fxe4 Nxc3 21.bxc3 Rc8 22.Re3 Kd7
23.Rb1 b6 24.Rb3 Rhe8 25.Kf2 Re6 26.Ke2 Rec6 27.g4 R6c7 28.Kd2 Ke6 29.Rf3 h5
30.gxh5 Rh8 31.Rb5 Rch7 32.hxg6 Rxh2+ 33.Kd3 Rg2 34.e5 Rxg6 35.exf6 Rxf6
36.Re5+ Kf7 37.Rfe3 a6 38.Re7+ Kg6 39.Rg3+ Kf5 40.Rf3+ Kg6 41.Rxf6+  1-0

[Event "DSV-Turnier"]
[Site "Halle"]
[Date "1981.??.??"]
[Round "11"]
[White "Boensch, Uwe"]
[Black "Chekhov, Valery A"]
[Result "0-1"]
[WhiteElo "2455"]
[BlackElo "2435"]

1.Nf3 Nf6 2.c4 c5 3.Nc3 d5 4.cxd5 Nxd5 5.g3 Nc6 6.Bg2 g6 7.O-O Bg7 8.Nxd5 Qxd5
9.d3 O-O 10.Be3 Bd7 11.Qd2 Qd6 12.Rfc1 b6 13.Bh6 Rac8 14.a3 Bxh6 15.Qxh6 f6
16.Rab1 e5 17.Qh4 Rc7 18.Kf1 Rfc8 19.Nd2 Kg7 20.Nc4 Qe6 21.Ne3 Nd4 22.Nd5 Rc6
23.e3 Nb3 24.Rd1 Rd6 25.Nc3 Rd8 26.Ke1 Qg4 27.Ne4 Qxh4 28.gxh4 Re6 29.Nc3 Bc6
30.Bxc6 Rxc6 31.Ke2 Kh6 32.Rg1 Rcd6 33.Rbd1 f5 34.f3 a6 35.a4 R6d7 36.e4 Rf7
37.Nd5 Nd4+ 38.Ke3 fxe4 39.fxe4 Rf3+ 40.Kd2 Rf2+  0-1

[Event "Hamburg op"]
[Site "Hamburg"]
[Date "1981.??.??"]
[Round "4"]
[White "Werner, Dimo"]
[Black "Ostojic, Predrag"]
[Result "1-0"]
[WhiteElo "2355"]
[BlackElo "2450"]

1.Nf3 Nf6 2.c4 c5 3.Nc3 e6 4.g3 d5 5.cxd5 exd5 6.d4 Nc6 7.Bg2 Be7 8.O-O O-O
9.Bg5 Bg4 10.dxc5 d4 11.Bxf6 Bxf6 12.Ne4 Be7 13.b4 a5 14.b5 Bxf3 15.exf3 Na7
16.Qd3 Rc8 17.Bh3 f5 18.Nd6 Bxd6 19.cxd6 Qxd6 20.Bxf5 Rc3 21.Bxh7+ Kh8 22.Qe4 Rcxf3
23.Bg6 Kg8 24.Qxb7 Qxg6 25.Qxa7 Qf6 26.Qxa5 d3 27.Qd2 Qd4 28.Rab1 Rc8 29.b6 Rc2
30.Qe1 Rf8 31.b7 Rb2 32.Rxb2 Qxb2 33.Qe6+ Kh8 34.Qb3  1-0

[Event "Hastings8182"]
[Site "Hastings"]
[Date "1981.??.??"]
[Round "8"]
[White "Smyslov, Vassily"]
[Black "Short, Nigel D"]
[Result "1/2-1/2"]
[WhiteElo "2580"]
[BlackElo "2440"]

1.Nf3 Nf6 2.c4 c5 3.Nc3 b6 4.g3 Bb7 5.Bg2 g6 6.b3 Bg7 7.Bb2 O-O 8.O-O Na6
9.Rc1 d5 10.Nxd5 Nxd5 11.Bxg7 Kxg7 12.cxd5 Qxd5 13.d4 cxd4 14.Qxd4+ Qxd4
15.Nxd4 Bxg2 16.Kxg2 Rfc8 17.Rfd1 Rxc1 18.Rxc1 Rd8 19.Rc4 Rd7 20.b4 Nc7 21.e3 e6
22.Nc6 Nd5 23.e4 Ne7 24.Ne5 Rb7 25.Kf3 f6 26.Nd3 e5 27.Ke3 Kf7 28.b5 Ke6
29.a4 Kd6 30.f4 exf4+ 31.Nxf4 f5 32.Rd4+ Ke5 33.Nd3+ Ke6 34.Nf4+ Ke5 35.Nd3+ Ke6
36.Kf4 h6 37.exf5+ Nxf5 38.Re4+ Kf6 39.Ne5 g5+ 40.Kf3 Ng7 41.Ng4+ Kg6 42.Rc4 Re7
43.Rc6+ Re6 44.Ne3 h5 45.g4 hxg4+ 46.Kxg4 Kf6 47.Nd5+ Ke5 48.Nb4 Re8 49.Rc7 Ne6
50.Rxa7 Rh8 51.Nd3+ Kd4 52.Rd7+ Kc4 53.Kg3 Kb3 54.Ra7 Rd8 55.Ne5 Nc5 56.a5 bxa5
57.Rxa5 Rd5 58.Nc6 Kc4 59.b6 Rd3+ 60.Kg4 Rb3 61.Ne5+ Kd4 62.Kf5 Nb7 63.Ra4+ Kd5
64.Ng4 Nd6+ 65.Kf6 Rxb6 66.Ne3+ Kc6 67.Kxg5 Kd7 68.h4 Ke6 69.h5 Nf7+ 70.Kf4 Kd6
71.Ng4 Ke7  1/2-1/2

[Event "Helsinki"]
[Site "Helsinki"]
[Date "1981.??.??"]
[Round "1"]
[White "Binham, Timothy F"]
[Black "Raaste, Eero J"]
[Result "1/2-1/2"]
[WhiteElo "2375"]
[BlackElo "2390"]

1.c4 c5 2.Nf3 Nf6 3.Nc3 e6 4.d4 cxd4 5.Nxd4 b6 6.e4 d6 7.Be2 Bb7 8.f3 Be7
9.Be3 Nbd7 10.O-O a6 11.Qd2 O-O 12.Rfd1 Re8 13.Bf1 Bf8 14.Bf2 Qc7 15.Rac1 Rac8
16.Rc2 Qb8 17.Rdc1 Ne5 18.b3 Ba8 19.Bg3 Nh5 20.Bf2 h6 21.Na4 Be7 22.Be3 Nd7
23.b4 Rcd8 24.Qf2 Rc8 25.a3 Bd8 26.Nb3 Bc7 27.g3 Nhf6 28.Nc3 Ne5 29.Nd4 d5
30.cxd5 exd5 31.Nxd5 Bxd5 32.exd5 Nxd5 33.Bd2 b5 34.Bh3 Rcd8 35.Rc5 Bb6 36.f4 Nd3
37.Qf3 Nxc5 38.bxc5 Bc7 39.Nc6 Qa8 40.Nxd8 Rxd8 41.c6 Qa7+ 42.Kh1 Qd4 43.Bc3 Nxc3
44.Qxc3 Qxc3 45.Rxc3 Rd1+ 46.Kg2 a5  1/2-1/2

[Event "Hradec Kralove"]
[Site "Hradec Kralove"]
[Date "1981.??.??"]
[Round "10"]
[White "Plachetka, Jan"]
[Black "Smejkal, Jan"]
[Result "1/2-1/2"]
[WhiteElo "2445"]
[BlackElo "2540"]

1.Nf3 Nf6 2.c4 c5 3.Nc3 d5 4.cxd5 Nxd5 5.e3 Nxc3 6.bxc3 g6 7.d4 Bg7 8.Be2 O-O
9.O-O Nc6 10.Rb1 b6 11.Ba3 Be6 12.Qa4 Qc7 13.dxc5 Bxa2 14.Rb2 Be6 15.Nd4 Bd7
16.Bb5 Rfc8 17.Nxc6 Bxc6 18.Bxc6 Qxc6 19.Qxc6 Rxc6 20.cxb6 Rxb6 21.Rxb6 axb6
22.Bb4  1/2-1/2

[Event "Hradec Kralove"]
[Site "Hradec Kralove"]
[Date "1981.??.??"]
[Round "11"]
[White "Dely, Peter"]
[Black "Palatnik, Semon"]
[Result "1/2-1/2"]
[WhiteElo "2415"]
[BlackElo "2490"]

1.Nf3 c5 2.c4 Nf6 3.Nc3 d5 4.cxd5 Nxd5 5.g3 Nc6 6.Bg2 Nxc3 7.dxc3 Qxd1+ 8.Kxd1 e5
9.e4 Be7 10.Be3 Bg4 11.h3 Be6 12.Ng5  1/2-1/2

[Event "Hradec Kralove"]
[Site "Hradec Kralove"]
[Date "1981.??.??"]
[Round "15"]
[White "Ftacnik, Lubomir"]
[Black "Stefanov, Parik"]
[Result "1-0"]
[WhiteElo "2525"]
[BlackElo "2420"]

1.Nf3 Nf6 2.c4 c5 3.Nc3 b6 4.g3 Bb7 5.Bg2 e6 6.O-O Be7 7.d4 cxd4 8.Qxd4 d6
9.Rd1 a6 10.b3 Nc6 11.Qf4 Qc7 12.Ba3 Rd8 13.Rac1 Qb8 14.Rc2 O-O 15.Rcd2 Ne8
16.Qe3 Ba8 17.Nd5 b5 18.Nd4 exd5 19.Nxc6 Bxc6 20.cxd5 Bxd5 21.Qxe7 Bxg2 22.Kxg2 Nf6
23.Bxd6 Qa8+ 24.f3 Rfe8 25.Qc7 h6 26.e4 Rc8 27.Qb6 Rxe4 28.fxe4 Nxe4 29.Rd5 Rc2+
30.Kf1 Nc3 31.Qb8+ Qxb8 32.Bxb8 Nxd1 33.Rxd1 Rxa2 34.Ba7 a5 35.Rd5 b4 36.Rb5 Ra3
37.Bb6 Rxb3 38.Bxa5 Rb2 39.h4 b3 40.Bc3 Rb1+ 41.Ke2 Rc1 42.Rxb3 Rc2+ 43.Ke3 Ra2
44.Kf4 Ra7 45.Rb5 Rc7 46.Be5 Ra7 47.Kf5 Kh7 48.Rc5 Ra6 49.Rc7 Kg8 50.Rb7 Ra5
51.Ke4 Ra6 52.Kd5 Ra5+ 53.Kd6 Ra6+ 54.Kd7 Kh7 55.Ke8 Kg6 56.Kf8 Ra8+ 57.Rb8 Ra7
58.Bxg7 f6 59.h5+ Kg5 60.Rb6 Kg4 61.Bxh6 Kxg3 62.Be3 Ra3 63.h6 Rxe3 64.h7 Ra3
65.Rb8  1-0

[Event "NOR-ch"]
[Site "Kirkenes"]
[Date "1981.??.??"]
[Round "?"]
[White "Heiberg, T."]
[Black "Helmers, Knut J"]
[Result "1/2-1/2"]
[WhiteElo "2260"]
[BlackElo "2415"]

1.c4 Nf6 2.Nc3 c5 3.Nf3 e6 4.g3 b6 5.Bg2 Bb7 6.O-O Be7 7.d3 O-O 8.Bd2 Nc6
9.Ne5 d5 10.Nxc6 Bxc6 11.Bf4 Qd7 12.e4 dxe4 13.dxe4 Qb7 14.Qe2 Rad8 15.Rad1 Rfe8
16.h4 Rxd1  1/2-1/2

[Event "NLD-ch"]
[Site "Leeuwarden"]
[Date "1981.??.??"]
[Round "5"]
[White "Ree, Hans"]
[Black "Kuijf, Marinus"]
[Result "0-1"]
[WhiteElo "2485"]
[BlackElo "2200"]

1.c4 Nf6 2.Nc3 e6 3.Nf3 c5 4.d4 cxd4 5.Nxd4 Bb4 6.Bg5 a6 7.Rc1 b6 8.Qb3 Be7
9.e3 Bb7 10.Na4 b5 11.cxb5 axb5 12.Nxb5 Qa5+ 13.Nac3 O-O 14.Bd3 Bxg2 15.Rg1 Bc6
16.Qc4 Bxb5 17.Qxb5 Qc7 18.Bh6 Ne8 19.Ke2 Nc6 20.Bxg7 Nxg7 21.Bxh7+ Kxh7
22.Rxg7+ Kxg7 23.Qh5 Ne5  0-1

[Event "BKL-Turnier"]
[Site "Leipzig"]
[Date "1981.??.??"]
[Round "4"]
[White "Moehring, Guenther"]
[Black "Gross, Stefan"]
[Result "1-0"]
[WhiteElo "2375"]
[BlackElo "2390"]

1.Nf3 Nf6 2.c4 c5 3.Nc3 e6 4.g3 Be7 5.Bg2 O-O 6.O-O a6 7.b3 Nc6 8.Bb2 Rb8
9.d4 cxd4 10.Nxd4 Qb6 11.Na4 Qa5 12.Rc1 Nxd4 13.Bxd4 d6 14.Bb6 Qb4 15.Bc7 Bd7
16.Bxb8 Rxb8 17.Nc3 b5 18.Ne4 Ne8 19.Qd2 Qa3 20.cxb5 axb5 21.Nc5 Bc8 22.Nd3 d5
23.e4 dxe4 24.Bxe4 Qd6 25.Rfd1 e5 26.Qe2 Kf8 27.Bg2 f6 28.Qh5  1-0

[Event "BKL-Turnier"]
[Site "Leipzig"]
[Date "1981.??.??"]
[Round "10"]
[White "Moehring, Guenther"]
[Black "Heinig, Wolfram"]
[Result "1-0"]
[WhiteElo "2375"]
[BlackElo "2365"]

1.Nf3 Nf6 2.c4 c5 3.Nc3 b6 4.e4 d6 5.g3 Bb7 6.d3 g6 7.Bg2 Bg7 8.O-O O-O 9.Re1 Nc6
10.Rb1 Ne8 11.Be3 Nd4 12.Qd2 Nc7 13.Bh6 Nxf3+ 14.Bxf3 Ne6 15.Bxg7 Kxg7 16.Bg2 Nd4
17.Ne2 Nxe2+ 18.Rxe2 e5 19.f4 a5 20.Rf1 f6 21.Ref2 Qe7 22.h4 h6 23.f5 g5
24.Bf3 Bc6 25.Rh2 Be8 26.Kf2 Bf7 27.Rfh1 Rh8 28.Ke3 Qd7 29.Rh3 b5 30.hxg5 hxg5
31.Qh2 Qe8 32.Rxh8 Qxh8 33.Qxh8+ Rxh8 34.Rxh8 Kxh8 35.cxb5 Be8 36.b6 Bc6
37.Bd1 d5 38.exd5  1-0

[Event "Ljubljana"]
[Site "Ljubljana"]
[Date "1981.??.??"]
[Round "2"]
[White "Djuric, Stefan"]
[Black "Ostojic, Predrag"]
[Result "1-0"]
[WhiteElo "2460"]
[BlackElo "2450"]

1.Nf3 c5 2.c4 Nf6 3.Nc3 e6 4.g3 b6 5.e4 d6 6.Bg2 Bb7 7.d3 Be7 8.O-O O-O 9.b3 a6
10.h3 Nc6 11.d4 cxd4 12.Nxd4 Nxd4 13.Qxd4 Qc7 14.Bb2 Bc6 15.a4 Rac8 16.Rfe1 Rfd8
17.Rac1 Qb7 18.Na2 e5 19.Qe3 b5 20.cxb5 axb5 21.a5 d5 22.exd5 Bxd5 23.Bxd5 Nxd5
24.Qxe5 Bf6 25.Qe2 Bxb2 26.Qxb2 Rxc1 27.Qxc1 b4 28.Qc4 Rc8 29.a6 Qa8 30.Qe4 h6
31.Ra1 Re8 32.Qd4 Re2 33.Nxb4 Ne3 34.Qxe3 Rxe3 35.fxe3 Qf3 36.Nc2 Qxg3+ 37.Kf1 Qxh3+
38.Ke2 Qg2+ 39.Kd3 Qg6+ 40.Kc3 Qc6+ 41.Kb2 Qa8 42.a7 Kf8 43.Nb4 Ke7 44.Nd5+ Qxd5
45.a8=Q Qd2+ 46.Ka3 Qd6+ 47.Ka4 Qd7+ 48.Ka5 Qc7+ 49.Kb5 Qe5+ 50.Kc4 Qc7+
51.Kd3 Qd6+ 52.Ke2 Qh2+ 53.Kf1  1-0

[Event "Ljubljana"]
[Site "Ljubljana"]
[Date "1981.??.??"]
[Round "9"]
[White "Forintos, Gyozo V"]
[Black "Bukic, Enver"]
[Result "1/2-1/2"]
[WhiteElo "2460"]
[BlackElo "2485"]

1.c4 c5 2.Nf3 Nf6 3.Nc3 d5 4.cxd5 Nxd5 5.g3 g6 6.Qb3 Nb4 7.Ne4 Bg7 8.Nxc5 N8c6
9.a3 Qa5 10.Qc4 O-O 11.Bg2 b5 12.Qb3 Bf5 13.e4 Bg4 14.O-O Bxf3 15.Bxf3 Na6
16.Nxa6 Nd4 17.Qd1 Qxa6 18.Rb1 b4 19.d3 Rab8 20.axb4 Rxb4 21.Bg5 Nxf3+ 22.Qxf3 Qb7
23.b3 Rd8 24.Rfd1 h6 25.Be3 a5 26.Bc5 Rb5 27.d4 e5 28.Qe3 exd4 29.Bxd4 Bxd4
30.Rxd4 Rxd4 31.Qxd4 Rxb3 32.Rxb3 Qxb3 33.Qd8+ Kg7 34.Qxa5 Qb1+ 35.Kg2 Qxe4+  1/2-1/2

[Event "Lone Pine op"]
[Site "Lone Pine"]
[Date "1981.??.??"]
[Round "?"]
[White "Thinnsen, James A"]
[Black "Arnason, Jon L"]
[Result "0-1"]
[WhiteElo "2220"]
[BlackElo "2450"]

1.Nf3 c5 2.c4 Nf6 3.Nc3 d5 4.cxd5 Nxd5 5.g3 Nc6 6.Bg2 Nc7 7.O-O g6 8.b3 Bg7
9.Bb2 b6 10.Na4 O-O 11.Bxg7 Kxg7 12.d4 cxd4 13.Rc1 Qd6 14.Qc2 Bb7 15.Rfd1 Ne6
16.Qb2 Rfd8 17.e3 Rab8 18.Nc3 Kg8 19.Nb5 Qd5 20.Nbxd4 Ncxd4 21.exd4 Qf5 22.Ne5 Bxg2
23.Kxg2 Rbc8 24.Rc4 f6 25.Nf3 Qg4 26.Qc1 Rxc4 27.Qxc4 b5 28.Qc3 Nf4+ 29.Kf1 Rc8
30.Qd2 Qxf3 31.gxf4 Qh1+ 32.Ke2 Qxh2 33.Rc1 Qh5+ 34.Ke3 Qh3+ 35.Ke2 Qg4+
36.Kf1 Qh3+ 37.Ke2 Qe6+ 38.Kf1 Rd8 39.Rc5 Qe4 40.d5 a6 41.Qe3 Qxe3 42.fxe3 f5
43.Ke2 Rd6 44.Kf3 Kg7 45.e4 fxe4+ 46.Kxe4 Kf6 47.Rc8 e6 48.Rf8+ Kg7 49.Ra8 exd5+
50.Ke5 Rf6 51.Ra7+ Rf7 52.Rxa6 Rf5+ 53.Kd4 Rxf4+ 54.Kxd5 h5 55.a4 bxa4 56.Rxa4 Rf5+
57.Kc4 h4 58.b4 h3 59.Ra2 g5 60.b5 g4  0-1

[Event "Lone Pine op"]
[Site "Lone Pine"]
[Date "1981.??.??"]
[Round "?"]
[White "Benko, Pal C"]
[Black "Shamkovich, Leonid"]
[Result "1/2-1/2"]
[WhiteElo "2480"]
[BlackElo "2495"]

1.Nf3 c5 2.c4 Nf6 3.Nc3 d5 4.cxd5 Nxd5 5.g3 Nc6 6.Bg2 g6 7.O-O Bg7 8.Nxd5 Qxd5
9.d3 O-O 10.Qa4 Qd6 11.Be3 Bd7 12.Qh4 Nd4 13.Nxd4 cxd4 14.Bh6 Rac8 15.Bxg7  1/2-1/2

[Event "Lone Pine op"]
[Site "Lone Pine"]
[Date "1981.??.??"]
[Round "?"]
[White "Dahlberg, Ivars A"]
[Black "Henley, Ron W"]
[Result "0-1"]
[WhiteElo "2480"]
[BlackElo "2440"]

1.c4 Nf6 2.Nf3 c5 3.Nc3 b6 4.e3 e6 5.d4 d6 6.d5 e5 7.e4 Be7 8.Be2 Nbd7 9.a3 g6
10.O-O Nh5 11.Ne1 Nf4 12.Bxf4 exf4 13.Nd3 g5 14.Bg4 Bf6 15.Nb5 Ke7 16.Bxd7 Bxd7
17.Re1 Bxb5 18.cxb5 Bd4 19.Qg4 Qg8 20.e5 Qg6 21.Rad1 Rhe8 22.h4 h5 23.Qf3 gxh4
24.exd6+ Kxd6 25.Qxf4+ Kd7 26.d6 Qf6 27.Qd2 Rxe1+ 28.Nxe1 Rg8 29.b4 h3 30.bxc5 bxc5
31.Qe2 Bxf2+ 32.Kh1 Re8 33.Qxh5 hxg2+ 34.Kxg2 Rxe1 35.Rxe1 Bxe1 36.Qxc5 Qf2+
37.Qxf2 Bxf2 38.Kxf2 Kxd6 39.Kf3 Kc5 40.Kf4 Kxb5 41.Kf5 Ka4  0-1

[Event "POL-chT"]
[Site "Lubniewice"]
[Date "1981.??.??"]
[Round "6"]
[White "Schmidt, Wlodzimierz"]
[Black "Kruszynski, Wlodzimierz"]
[Result "1/2-1/2"]
[WhiteElo "2495"]
[BlackElo "2325"]

1.Nf3 Nf6 2.c4 e6 3.Nc3 c5 4.g3 b6 5.Bg2 Bb7 6.O-O Be7 7.d4 cxd4 8.Qxd4 d6
9.Bg5 a6 10.Bxf6 Bxf6 11.Qf4 Ra7 12.Rfd1 Be7 13.Ne4 Bxe4 14.Qxe4 O-O 15.Nd4 Rc7
16.b3 Qc8 17.a4 Bf6 18.e3 Rd8 19.Qb1 Rc5 20.Ra2 h6 21.Rad2 Rc7 22.Bh3 Kh8
23.Ne2 Be7 24.Nf4 Nc6 25.Bg2 Ne5 26.Ne2 Nd7 27.Nd4 Nf6 28.e4 Rcd7 29.h3  1/2-1/2

[Event "Malaga"]
[Site "Malaga"]
[Date "1981.??.??"]
[Round "6"]
[White "Marovic, Drazen"]
[Black "Bellon Lopez, Juan Manuel"]
[Result "1/2-1/2"]
[WhiteElo "2445"]
[BlackElo "2415"]

1.c4 c5 2.Nf3 Nf6 3.Nc3 b6 4.d4 cxd4 5.Nxd4 Bb7 6.f3 a6 7.e4 d6 8.Be3 e6
9.Be2 Be7 10.O-O O-O 11.Re1 Nbd7 12.Bf1 Re8 13.Bf2 Bf8 14.Rc1 Qc7 15.Qd2 Rac8
16.Red1 Qb8 17.b4 Ba8 18.a3 Ne5 19.Na4 Rcd8 20.Nxb6 Bxe4 21.a4 Qxb6 22.Nxe6 Qb8
23.Nxd8 Bxf3 24.Nxf7 Kxf7 25.Re1 Ba8 26.c5 dxc5 27.bxc5 Kg8 28.c6 Nxc6 29.Rxe8 Qxe8
30.Bxa6 Qe4 31.Qd3 Qxa4 32.Bb5 Ne5 33.Qxh7+ Kxh7 34.Bxa4 Be4 35.Bd4 Bd6 36.Re1 Nd3
37.Re2 Bc5 38.Bxc5 Nxc5 39.Bc2 Bxc2 40.Rxc2 Nce4  1/2-1/2

[Event "Sokolsky mem"]
[Site "Minsk"]
[Date "1981.??.??"]
[Round "1"]
[White "Chekhov, Valery A"]
[Black "Mochalov, Evgeny V"]
[Result "1/2-1/2"]
[WhiteElo "2435"]
[BlackElo "2430"]

1.Nf3 e6 2.c4 Nf6 3.Nc3 c5 4.g3 b6 5.Bg2 Bb7 6.O-O Nc6 7.d4 Nxd4 8.Nxd4 Bxg2
9.Kxg2 cxd4 10.Qxd4 Bc5 11.Qd3 d5 12.cxd5 Nxd5 13.Qb5+ Qd7 14.Qxd7+ Kxd7
15.Rd1 Kc6 16.Nxd5 exd5 17.Bf4 Rhe8 18.Kf3 Re4 19.Rac1 f6 20.Be3 a5 21.Rc2 Rae8
22.Bd4 Kd6 23.Bxc5+  1/2-1/2

[Event "Montreal zt"]
[Site "Montreal"]
[Date "1981.??.??"]
[Round "?"]
[White "Vranesic, Zvonko"]
[Black "Piasetski, Leon David"]
[Result "1/2-1/2"]
[WhiteElo "2390"]
[BlackElo "2420"]

1.c4 c5 2.Nf3 e6 3.Nc3 Nf6 4.g3 b6 5.Bg2 Bb7 6.O-O Be7 7.b3 O-O 8.Bb2 d5
9.cxd5 Nxd5 10.Nxd5 Qxd5 11.d4 Rd8 12.Nh4 Qd7 13.dxc5 Bxg2 14.Nxg2 Bxc5 15.Qxd7 Nxd7
16.Rfd1 Nf6 17.Nf4 Kf8 18.Rac1 Ng4 19.Rxd8+ Rxd8 20.Nd3 Bd6 21.Rc6 Nf6 22.Kg2 Ke8
23.h3 Kd7 24.Rc2 Rc8 25.Rxc8 Kxc8 26.Ne5 Bxe5 27.Bxe5 Ne8 28.Kf3 Kd7 29.g4 f6
30.Bb2 g5 31.Ke3 e5 32.Ke4 Ke6 33.Ba3 Nc7 34.e3 Nb5 35.Bb4 a5 36.a4 Nc7 37.Bd2 Na6
38.Kd3 Kd5 39.e4+ Kc6  1/2-1/2

[Event "Montreal zt"]
[Site "Montreal"]
[Date "1981.??.??"]
[Round "?"]
[White "Murray, Peter"]
[Black "Barbeau, Sylvain"]
[Result "1-0"]
[WhiteElo "2330"]
[BlackElo "2245"]

1.c4 Nf6 2.Nc3 c5 3.Nf3 g6 4.d4 cxd4 5.Nxd4 Bg7 6.e4 O-O 7.Be2 Nc6 8.Be3 b6
9.O-O Bb7 10.f4 Rc8 11.e5 Ne8 12.Ncb5 Nxd4 13.Bxd4 Ra8 14.Qd3 Nc7 15.f5 Nxb5
16.cxb5 Rc8 17.f6 Bh8 18.Bg4 Rc7 19.Rae1 d6 20.e6 Bxf6 21.exf7+ Kxf7 22.Be6+ Kg7
23.h4 Bc8 24.h5 Bxe6 25.Rxe6 Qd7 26.Rfe1 Rf7 27.Qe3 Qxb5 28.Bxf6+ exf6 29.h6+ Kg8
30.Re8+ Rf8 31.Qe6+ Rf7 32.Rxf8+  1-0